| 000 | 00538nam a2200193 a 4500 | ||
|---|---|---|---|
| 005 | 20230125063557.0 | ||
| 008 | 081108s2000 mx r 000 0 spa d | ||
| 020 | _a9264144064 | ||
| 035 | _aUPN01000165671 | ||
| 049 | _aUNE | ||
| 080 | _a336.745.3: 331 (100) =20 "1995" FOR. | ||
| 245 | 0 | 0 | _aForeign, direct investment, trade and employment. |
| 260 | _aParis: OECD, 1995. | ||
| 300 | _a151 p.; 23 cm. il. | ||
| 690 | _aInversiones extranjeras | ||
| 690 |
_aEmpleo _917151 |
||
| 690 | _aComercio internacional | ||
| 905 | _aUNESCO | ||
| 999 |
_c137783 _d137783 |
||